David. (Record no. 34330)
[ view plain ]
| 000 -LEADER | |
|---|---|
| fixed length control field | 00994cam a2200289 a 4500 |
| 001 - CONTROL NUMBER | |
| control field | 969211 |
| 005 - DATE AND TIME OF LATEST TRANSACTION | |
| control field | 19900914125416.2 |
| 008 - FIXED-LENGTH DATA ELEMENTS--GENERAL INFORMATION | |
| fixed length control field | 850311m19851986txu 000 0beng |
| 010 ## - LIBRARY OF CONGRESS CONTROL NUMBER | |
| LC control number | 85006265 |
| 020 ## - INTERNATIONAL STANDARD BOOK NUMBER | |
| International Standard Book Number | 0849904706 : |
| Terms of availability | $10.95 (v. 1) |
| 020 ## - INTERNATIONAL STANDARD BOOK NUMBER | |
| Cancelled/invalid ISBN | 0084990559 (v. 2) |
| 040 ## - CATALOGING SOURCE | |
| Original cataloging agency | DLC |
| Transcribing agency | DLC |
| Modifying agency | DLC |
| 043 ## - GEOGRAPHIC AREA CODE | |
| Geographic area code | a-is--- |
| 050 00 - LIBRARY OF CONGRESS CALL NUMBER | |
| Classification number | BS580.D3 |
| Item number | K43 1985 |
| 630 00 - SUBJECT ADDED ENTRY--UNIFORM TITLE | |
| Uniform title | Bible. |
| 100 1# - MAIN ENTRY--PERSONAL NAME | |
| Personal name | Keller, W. Phillip |
| Fuller form of name | (Weldon Phillip), |
| Dates associated with a name | 1920- |
| 600 00 - SUBJECT ADDED ENTRY--PERSONAL NAME | |
| Personal name | David, |
| 600 00 - SUBJECT ADDED ENTRY--PERSONAL NAME | |
| Personal name | Saul, |
| 245 10 - TITLE STATEMENT | |
| Title | David. |
| 260 ## - PUBLICATION, DISTRIBUTION, ETC. (IMPRINT) | |
| Place of publication, distribution, etc | Waco, TX : |
| Name of publisher, distributor, etc | Word Books, |
| Date of publication, distribution, etc | 1985-1986. |
| 300 ## - PHYSICAL DESCRIPTION | |
| Extent | 2 v. ; |
| Dimensions | 23 cm. |
| 505 1# - FORMATTED CONTENTS NOTE | |
| Formatted contents note | 1. The time of Saul's tyranny -- 2. The shepherd king. |
| 600 00 - SUBJECT ADDED ENTRY--PERSONAL NAME | |
| Titles and other words associated with a name | King of Israel. |
| 600 00 - SUBJECT ADDED ENTRY--PERSONAL NAME | |
| Titles and other words associated with a name | King of Israel. |
| 630 00 - SUBJECT ADDED ENTRY--UNIFORM TITLE | |
| Name of part/section of a work | O.T. |
| General subdivision | Biography. |
| 650 #0 - SUBJECT ADDED ENTRY--TOPICAL TERM | |
| Topical term or geographic name as entry element | Jews |
| General subdivision | Kings and rulers |
| -- | Biography. |
| 906 ## - LOCAL DATA ELEMENT F, LDF (RLIN) | |
| a | 7 |
| b | cbc |
| c | orignew |
| d | 1 |
| e | ocip |
| f | 19 |
| g | y-gencatlg |
| 942 ## - ADDED ENTRY ELEMENTS (KOHA) | |
| Source of classification or shelving scheme | Library of Congress Classification |
| Item type | Book |
| Withdrawn status | Lost status | Source of classification or shelving scheme | Damaged status | Not for loan | Collection code | Home library | Current library | Shelving location | Date acquired | Total Checkouts | Full call number | Barcode | Date last borrowed | Copy number | Price effective from | Koha item type |
|---|---|---|---|---|---|---|---|---|---|---|---|---|---|---|---|---|
| Library of Congress Classification | Non-fiction | Nairobi Campus | Nairobi Campus | General Circulation | 07/04/2009 | 1 | BS580.D3 K43 1985 | 004151 | 21/07/2017 | 1 | 07/04/2009 | Book |